Ιστορία της νεοελληνικής λογοτεχνίας : παράρτημα

Αποθηκεύτηκε σε:
Λεπτομέρειες βιβλιογραφικής εγγραφής
Κύριος συγγραφέας: Δημαράς, Κωνσταντίνος Θ., 1904-1992
Μορφή: Βιβλίο
Γλώσσα:Greek
Δημοσίευση: [Αθήνα] : Ίκαρος, [1956]
Έκδοση:2η έκδ.
Θέματα:
Ετικέτες: Προσθήκη ετικέτας
Δεν υπάρχουν, Καταχωρήστε ετικέτα πρώτοι!

MARC

LEADER 00000cam a2200000 i 4500
001 1/94408
008 080923s1956 gr | ||| |||| ||gre||
035 |l 10100373 
040 |a GR-MY-UA  |b gre  |e aacr 
041 0 |a gre 
082 0 |a 889.09  |2 (22) 
100 1 |a Δημαράς, Κωνσταντίνος Θ.,   |d 1904-1992. 
245 1 0 |a Ιστορία της νεοελληνικής λογοτεχνίας :  |b παράρτημα /  |c Κ.Θ. Δημαρά 
250 |a 2η έκδ. 
260 |a [Αθήνα] :   |b Ίκαρος,   |c [1956] 
300 |a 140 σ.;  |c 22 εκ. 
500 |a Το τεκμήριο αποτελεί παράρτημα με σημειώσεις - πίνακες του έργου "Ιστορία της νεοελληνικής λογοτεχνίας" / Κ.Θ. Δημαράς 
650 0 0 |a Greek literature, Modern  |x History and criticism. 
650 0 0 |a Authors, Greek (Modern)  |x Biography. 
852 |a INST  |b RHODES  |c AKA  |e 20080923  |h  889.09 ΔΗΜ  |p 005400028381  |q 005400028381  |t BK  |y 0 
901 |a BIBL4-2008-3 
909 |a Ρ  |b 153302 
970 |a ΜΙΣΣΟΣ  |b ΣΤΑΥΡΟΣ  |z 2008/09/23